Statistics for 国家级新区 State-level New Area

Click here to take the quiz!

General Stats

  • This quiz has been taken 97 times
  • The average score is 7 of 19

Answer Stats

设立时间所属行政区新区名称% Correct
1992.10上海浦东新区
96%
2006.5天津滨海新区
90%
2017.3河北雄安新区
67%
2014.1陕西西咸新区
55%
2014.10四川天府新区
52%
2010.5重庆两江新区
47%
2012.8甘肃兰州新区
44%
2015.7江苏南京江北新区
39%
2014.6山东青岛西海岸新区
31%
2014.1贵州贵安新区
30%
2015.12黑龙江哈尔滨新区
30%
2016.2吉林长春新区
29%
2014.6辽宁大连金普新区
26%
2015.9福建福州新区
22%
2012.9广东南沙新区
15%
2015.4湖南湘江新区
13%
2016.6江西赣江新区
12%
2011.6浙江舟山群岛新区
9%
2015.9云南滇中新区
9%

Score Distribution

Percentile by Number Answered

Percent of People with Each Score

Your Score History

You have not taken this quiz